[Event "FRA-ch U18"]
[Site "Montlucon"]
[Date "2011.04.17"]
[Round "1"]
[White "Jean, Nicolas"]
[Black "Samoun, Florent"]
[Result "0-1"]
[WhiteElo "1772"]
[BlackElo "2192"]
[PlyCount "102"]
[EventDate "2011.04.17"]
[EventType "swiss"]
[EventRounds "9"]
[EventCountry "FRA"]
[SourceTitle "CBM 142 Extra"]
[Source "ChessBase"]
[SourceDate "2011.06.27"]
[SourceVersion "1"]
[SourceVersionDate "2011.06.27"]
[SourceQuality "1"]

1. e4 c6 2. d4 d5 3. e5 Bf5 4. Nf3 e6 5. a3 c5 6. c4 Nc6 7. Nc3 dxc4 8. Bxc4 cxd4 9. Nb5 Bg4 10. Bf4 Bxf3 11. Qxf3 a6 12. Nd6+ Bxd6 13. exd6 Nf6 14. 0-0 e5 15. Rfe1 Qxd6 16. Bxe5 Nxe5 17. Qf5 0-0 18. Qxe5 Qxe5 19. Rxe5 Rfe8 20. Ree1 Kf8 21. Kf1 Rac8 22. Bd3 g6 23. Rac1 Rxe1+ 24. Rxe1 Rc5 25. g3 Rc6 26. Kg2 Rb6 27. Re2 Ne8 28. Kf3 Nd6 29. Kf4 f6 30. h4 Rb3 31. Rd2 Ke7 32. Re2+ Kd7 33. Rd2 Kc7 34. Kg4 Nf7 35. Kf4 Ne5 36. Be4 d3 37. Bd5 Rb5 38. Ke4 Kd6 39. Bg8 f5+ 40. Ke3 Rc5 41. Bb3 Rb5 42. Bg8 Ke7 43. f4 Ng4+ 44. Kxd3 Nf6 45. Bc4 Rb6 46. Re2+ Kd7 47. Ke3 Rd6 48. Bd3 b5 49. Rd2 Ke7 50. Kf3 Ne4 51. Ke3 Nxd2 0-1

[Event "Marseille op 2nd "]
[Site "Marseille"]
[Date "2009.12.27"]
[Round "3"]
[White "Flores, Francisco"]
[Black "Jean, Nicolas"]
[Result "1-0"]
[WhiteElo "1928"]
[BlackElo "1670"]
[PlyCount "43"]
[EventDate "2009.12.26"]
[EventType "swiss"]
[EventRounds "9"]
[EventCountry "FRA"]
[SourceTitle "CBM 134 Extra"]
[Source "ChessBase"]
[SourceDate "2010.03.03"]
[SourceVersion "1"]
[SourceVersionDate "2010.03.03"]
[SourceQuality "1"]

1. e4 e5 2. Nf3 Nc6 3. Bc4 Bc5 4. c3 Nf6 5. d3 d6 6. 0-0 Na5 7. Bxf7+ Kxf7 8. b4 Bxb4 9. cxb4 Nc6 10. Qb3+ Be6 11. Ng5+ Kg6 12. Nxe6 Qe7 13. f4 h6 14. f5+ Kh7 15. Nd2 Rae8 16. Nf3 Qd7 17. a3 Rhg8 18. Qc2 Rxe6 19. fxe6 Qxe6 20. Qe2 g5 21. Be3 Nh5 22. Nxg5+ 1-0